| 000 | 01022nam a2200313 i 4500 | ||
|---|---|---|---|
| 001 | 5990 | ||
| 003 | ES-MaACL | ||
| 005 | 20250811094659.0 | ||
| 007 | t| | ||
| 008 | 890620s1986 fr |||| | fre d | ||
| 020 | _a2-7116-0911-1 | ||
| 080 | _a51(38)(09) | ||
| 080 | _a52(38) | ||
| 080 | _a91.01(38) | ||
| 100 | 1 |
_aSzabo, Arpad. _9187541 |
|
| 245 | 1 | 4 |
_aLes debuts de l'astronomie, de la geographie et de la trigonometrie chez les grecs / _cA. Szabo, E. Maula ; traduit de l'allemand par Michel Federspiel. |
| 260 |
_aParis : _bVrin, _c1986. |
||
| 300 |
_a238 p. ; _c22 cm. |
||
| 490 | 1 | _aL'histoire des sciences. Textes et etudes | |
| 500 | _aÍndices. | ||
| 650 | 7 |
_aAstronomía griega _2embne _910392 |
|
| 650 | 4 |
_aGeografía- _zGrecia. _9167630 |
|
| 650 | 7 |
_aTrigonometría _2embne _917647 |
|
| 700 | 1 |
_aMaula, Erkka. _979195 |
|
| 700 | 1 |
_aFederspiel, Michel. _949073 |
|
| 830 | 0 |
_aL'histoire des sciences. Textes et etudes _9177448 |
|
| 852 |
_aES-MaACL _jL-13068 |
||
| 999 |
_c5990 _d5990 |
||